Construction Act review (Record no. 70217)

MARC details
000 -LEADER
fixed length control field 01550cam a2200253 4500
001 - CONTROL NUMBER
control field ABS65358
008 - FIXED-LENGTH DATA ELEMENTS--GENERAL INFORMATION
fixed length control field 020508n2002 000 0 eng u
035 ## - SYSTEM CONTROL NUMBER
System control number (Sirsi) u117894
100 ## - MAIN ENTRY--PERSONAL NAME
Personal name Sheridan, P.
245 ## - TITLE STATEMENT
Title Construction Act review
260 ## - PUBLICATION, DISTRIBUTION, ETC.
Date of publication, distribution, etc. 2002
490 ## - SERIES STATEMENT
Series statement Construction Law Journal
Volume/sequential designation 18(1) 2002, 39-48(10)
520 ## - SUMMARY, ETC.
Summary, etc. Reviews insolvency issues relating to the Housing Grants Construction and Regeneration Act 1996 in light of case law. Firstly, the position where the party in liquidation seeks to enforce an adjudicator's decision by summary judgment; secondly, the position where an impecunious or insolvent party, not in liquidation, enforces an adjudicator's decision by summary judgment and circumstances in which a stay of execution may be granted by the court giving summary judgment; thirdly, the issue of statutory demand as alternative to adjudication for certain debt claims; fourthly, the issue of statutory demand by summary judgment, and fifthly, where a party seeks to commence adjudication against the insolvent party in administration.
590 ## - LOCAL NOTE (RLIN)
Local note ABS
650 ## - SUBJECT ADDED ENTRY--TOPICAL TERM
Topical term or geographic name entry element HOUSING GRANTS, CONSTRUCTION AND REGENERATION ACT 1996
650 ## - SUBJECT ADDED ENTRY--TOPICAL TERM
Topical term or geographic name entry element SUMMARY JUDGMENTS
650 ## - SUBJECT ADDED ENTRY--TOPICAL TERM
Topical term or geographic name entry element MANAGEMENT-DISPUTE AVOIDANCE, MANAGEMENT AND RESOLUTION-DISPUTE MANAGEMENT AND RESOLUTION-ALTERNATIVE DISPUTE RESOLUTION-ADJUDICATION
650 ## - SUBJECT ADDED ENTRY--TOPICAL TERM
Topical term or geographic name entry element Insolvency
9 (RLIN) 6247
650 ## - SUBJECT ADDED ENTRY--TOPICAL TERM
Topical term or geographic name entry element DEBT
650 ## - SUBJECT ADDED ENTRY--TOPICAL TERM
Topical term or geographic name entry element HOUSING GRANTS CONSTRUCTION AND REGENERATION ACT 1996
690 ## - LOCAL SUBJECT ADDED ENTRY--TOPICAL TERM (OCLC, RLIN)
Topical term or geographic name as entry element Dispute resolution
9 (RLIN) 6236
700 ## - ADDED ENTRY--PERSONAL NAME
Personal name Helps, D.
942 ## - ADDED ENTRY ELEMENTS (KOHA)
Suppress in OPAC 0
Holdings
Withdrawn status Lost status Source of classification or shelving scheme Damaged status Not for loan Home library Current library Shelving location Date acquired Total Checkouts Full call number Barcode Date last seen Copy number Price effective from Koha item type
    Dewey Decimal Classification     London London Journal article 08/05/2002   ABS65358 117894-1001 06/08/2019 1 06/08/2019 Journal article